| 000 | 01384nam a2200241Ia 4500 | ||
|---|---|---|---|
| 999 |
_c54519 _d54519 |
||
| 001 | 21583 | ||
| 003 | GE_BSU | ||
| 005 | 20211203164720.0 | ||
| 008 | 181216s1939||||ge |||||||||||||| ||geo|| | ||
| 040 | _cGE_BSU | ||
| 041 | _ageo | ||
| 080 | _a811.353.31 ყ-57 | ||
| 100 |
_aყიფშიძე, იოსებ _913175 |
||
| 245 |
_aჭანური ტექსტები / _cიოსებ ყიფშიძე ; რედ. არნ. ჩიქობავა. |
||
| 264 |
_aთბილისი : _bსსრკ მეცნ. აკად. საქართველოს ფილიალის გამომცემლობა, _c1939. |
||
| 300 |
_a94 გვ. ; _c22 სმ. |
||
| 500 | _aდამატებითი თავფურცელი რუსულ-ფრანგულ ენებზე | ||
| 541 | _h1ლ.50თ. | ||
| 653 | _aჭანური ტექსტები | ||
| 700 |
_aჩიქობავა, არნ. _eრედაქტორი _97708 |
||
| 711 |
_aსსრკ მეცნიერებათა აკადემია _eსაქართველოს ფილიალი, ენის, ისტორიისა და მატერიალური კულტურის ინსტიტუტი აკად. ნ. მარის სახელობის _913176 |
||
| 942 |
_cBK _2udc |
||